Southville International School and Colleges
Your cart is empty.
  • Cart
  • Lists
    Public lists Eva Luna New books Lux_list list_1
    Your lists Log in to create your own lists
  • Log in to your account
  • Your cookies
  • Search history
Southville International School and Colleges
  • Advanced search
  • Recent comments
  • Most popular
  • Libraries

Log in to your account

Log in with GOOGLE


If you do not have an external account, but do have a local account, you can still log in:

  1. Home
  2. MARC view: Side by side. Spanish & English grammar /
Normal view MARC view ISBD view

Side by side. Spanish & English grammar / (Record no. 25606)

[ view plain ]
MARC details
000 -LEADER
fixed length control field 00693nam a22002177a 4500
005 - DATE AND TIME OF LATEST TRANSACTION
control field 20140310183631.0
008 - FIXED-LENGTH DATA ELEMENTS--GENERAL INFORMATION
fixed length control field 131118b xxu||||| |||| 00| 0 eng d
020 ## - INTERNATIONAL STANDARD BOOK NUMBER
International Standard Book Number 9780071788618
050 ## - LIBRARY OF CONGRESS CALL NUMBER
Classification number PC 4099
Item number .F245 2012
100 ## - MAIN ENTRY--PERSONAL NAME
Personal name Farrell, Edith R.
245 ## - TITLE STATEMENT
Title Side by side. Spanish & English grammar /
Statement of responsibility, etc Edith R Farrell, C Frederick Farrell.
250 ## - EDITION STATEMENT
Edition statement 3rd ed.
260 ## - PUBLICATION, DISTRIBUTION, ETC. (IMPRINT)
Place of publication, distribution, etc New York :
Name of publisher, distributor, etc McGraw-Hill,
Date of publication, distribution, etc 2012.
300 ## - PHYSICAL DESCRIPTION
Extent vii,
Other physical details 184 p. ;
Dimensions 28 cm.
521 ## - TARGET AUDIENCE NOTE
Target audience note
650 ## - SUBJECT ADDED ENTRY--TOPICAL TERM
Topical term or geographic name as entry element Spanish language
Form subdivision Grammar, Comparative
General subdivision English.
650 ## - SUBJECT ADDED ENTRY--TOPICAL TERM
Topical term or geographic name as entry element English language
Form subdivision Grammar, Comparative
General subdivision Spanish.
700 ## - ADDED ENTRY--PERSONAL NAME
Personal name Farrell, Frederick Jr.
942 ## - ADDED ENTRY ELEMENTS (KOHA)
Source of classification or shelving scheme Library of Congress Classification
Koha item type Books
Call number prefix Foreign
Holdings
Withdrawn status Lost status Source of classification or shelving scheme Damaged status Home library Current library Shelving location Date acquired Total Checkouts Full call number Barcode Date last seen Copy number Price effective from Koha item type
    Library of Congress Classification   College Library College Library Reserve Section 11/18/2013   PC 4099 .F245 2012 C17123 05/15/2018 1 11/18/2013 Books

Side by side. Spanish & English grammar /

APA

Farrell E. R., Farrell F. J., . (2012). Side by side. Spanish & English grammar. New York: McGraw-Hill.

Chicago

Farrell Edith R, Farrell Frederick Jr, . 2012. Side by side. Spanish & English grammar. New York: McGraw-Hill.

Harvard

Farrell E. R., Farrell F. J., . (2012). Side by side. Spanish & English grammar. New York: McGraw-Hill.

MLA

Farrell Edith R, Farrell Frederick Jr, . Side by side. Spanish & English grammar. New York: McGraw-Hill. 2012.

  • Place hold
  • Print
  • Cite
  • Add to your cart (remove)
  • Save record
    BIBTEX Dublin Core MARCXML MARC (non-Unicode/MARC-8) MARC (Unicode/UTF-8) MARC (Unicode/UTF-8, Standard) MODS (XML) RIS
  • More searches
    Search for this title in:
    Other Libraries (WorldCat) Other Databases (Google Scholar) Online Stores (Bookfinder.com) Open Library (openlibrary.org)

Exporting to Dublin Core...

SOUTHVILLE LIBRARY

Southville International School and Colleges Library

1281 Tropical Ave. Cor. Luxembourg St., BF Homes International, Las Pinas City

Tel. No. 8256374 / 252358 Loc. 117/146

Powered by Koha